header

Captain Underpants And the Wrath of the Wicked Wedgie Woman (Record no. 263140)

MARC details
000 -LEADER
fixed length control field 00423nam a22001577a 4500
003 - CONTROL NUMBER IDENTIFIER
control field OSt
005 - DATE AND TIME OF LATEST TRANSACTION
control field 20240304153110.0
008 - FIXED-LENGTH DATA ELEMENTS--GENERAL INFORMATION
fixed length control field 240304b xxu||||| |||| 00| 0 eng d
020 ## - INTERNATIONAL STANDARD BOOK NUMBER
International Standard Book Number 0439050006
040 ## - CATALOGING SOURCE
Transcribing agency RU
100 ## - MAIN ENTRY--PERSONAL NAME
Personal name Pilkey, Dav
245 ## - TITLE STATEMENT
Title Captain Underpants And the Wrath of the Wicked Wedgie Woman
Remainder of title The Fifth Epic Novel
260 ## - PUBLICATION, DISTRIBUTION, ETC. (IMPRINT)
Place of publication, distribution, etc New York
Name of publisher, distributor, etc Scholastic
Date of publication, distribution, etc 2001
300 ## - PHYSICAL DESCRIPTION
Extent 174p.
Other physical details ill.
942 ## - ADDED ENTRY ELEMENTS (KOHA)
Source of classification or shelving scheme Library of Congress Classification
Koha item type Long Loan Books
Holdings
Withdrawn status Lost status Source of classification or shelving scheme Damaged status Not for loan Collection code Home library Current library Shelving location Date acquired Total Checkouts Barcode Date last seen Price effective from Koha item type
    Library of Congress Classification     Fiction Rongo University Library Rongo University Library Children's Area 04/03/2024   CL20232969 04/03/2024 04/03/2024 Long Loan Books

© 2026 Rongo University
Contact us: librarian | system librarian | Rongo university